[Event "4NCL Division 2b"]
[Site "Daventry, ENG"]
[Date "2020.02.29"]
[Round "1.61"]
[White "Cherniaev, Alexander"]
[Black "Hand, Freddie"]
[Result "1-0"]
[WhiteElo "2429"]
[BlackElo "2188"]
[PlyCount "55"]
[EventDate "2020.02.29"]
[WhiteTeam "Barnet Knights 1"]
[BlackTeam "KJCA Kings"]

1. c4 e5 2. d3 Nf6 3. Nf3 Nc6 4. a3 d5 5. cxd5 Nxd5 6. g3 Be7 7. Bg2 Be6 8. O-O
O-O 9. b4 a6 10. Bb2 f6 11. Nbd2 Nb6 12. Qc2 Qd7 13. Rfc1 Rfd8 14. Ne4 Bd5 15.
Bc3 Qe6 16. Rab1 Qf7 17. e3 Rab8 18. a4 f5 19. Ned2 e4 20. dxe4 fxe4 21. Ne5
Nxe5 22. Bxe5 Rf8 23. Nxe4 Nc4 24. Ng5 Bxg5 25. Bxd5 Qxd5 26. Qxc4 Qxc4 27.
Rxc4 Rbc8 28. Rxc7 1-0

[Event "4NCL Division 2b"]
[Site "Daventry, ENG"]
[Date "2020.02.29"]
[Round "1.62"]
[White "Bansal, Rohan"]
[Black "Brozel, Sacha"]
[Result "1-0"]
[WhiteElo "2019"]
[BlackElo "2357"]
[PlyCount "81"]
[EventDate "2020.02.29"]
[WhiteTeam "KJCA Kings"]
[BlackTeam "Barnet Knights 1"]

1. d4 e6 2. c4 Nf6 3. Nf3 Bb4+ 4. Nbd2 O-O 5. a3 Bxd2+ 6. Bxd2 d6 7. g3 Nc6 8.
Qc2 e5 9. d5 Nb8 10. e4 a5 11. Bg2 Na6 12. Bxa5 Nc5 13. Nd2 Ncxe4 14. Nxe4 Rxa5
15. Nxf6+ Qxf6 16. Qc3 b6 17. O-O Qe7 18. Rfc1 Ra7 19. b4 Bf5 20. a4 Rfa8 21.
a5 bxa5 22. Rxa5 Rxa5 23. bxa5 h6 24. c5 Qd8 25. Qa3 Qb8 26. h3 Bd7 27. Bf1 f5
28. a6 f4 29. Rc3 dxc5 30. Qxc5 Qb1 31. d6 Rf8 32. Rc1 Qg6 33. Qd5+ Be6 34. Qc6
fxg3 35. f3 Qg5 36. dxc7 Qe3+ 37. Kh1 Kh8 38. a7 Qf2 39. Bg2 Bxh3 40. f4 Qd2
41. c8=Q 1-0

[Event "4NCL Division 2b"]
[Site "Daventry, ENG"]
[Date "2020.02.29"]
[Round "1.63"]
[White "Rocco, Federico"]
[Black "Yoon, Jacob D"]
[Result "1-0"]
[WhiteElo "2275"]
[BlackElo "2095"]
[PlyCount "77"]
[EventDate "2020.02.29"]
[WhiteTeam "Barnet Knights 1"]
[BlackTeam "KJCA Kings"]

1. e4 e6 2. d3 d5 3. Nd2 Nf6 4. g3 b6 5. Bg2 Bb7 6. Ngf3 Be7 7. O-O c5 8. Re1
Nc6 9. e5 Nd7 10. Nf1 Qc7 11. Qe2 h6 12. c3 g5 13. h3 Bf8 14. a3 Bg7 15. d4 Na5
16. N1d2 cxd4 17. cxd4 Rc8 18. b4 Nc4 19. h4 g4 20. Nh2 h5 21. Nhf1 b5 22. Nb3
Bh6 23. f3 Bxc1 24. Raxc1 Rg8 25. fxg4 hxg4 26. Ne3 Ndxe5 27. dxe5 Qxe5 28.
Nxd5 Qxg3 29. Rc3 Qxh4 30. Nc5 Bxd5 31. Bxd5 g3 32. Bxc4 g2 33. Bxb5+ Ke7 34.
Rcc1 Rg3 35. Qe4 Qh3 36. Qb7+ Kf6 37. Ne4+ Kg7 38. Nxg3 Rh8 39. Qxg2 1-0

[Event "4NCL Division 2b"]
[Site "Daventry, ENG"]
[Date "2020.02.29"]
[Round "1.64"]
[White "Anilkumar, Anantha P"]
[Black "Villiers, Thomas"]
[Result "0-1"]
[WhiteElo "1861"]
[BlackElo "2252"]
[PlyCount "76"]
[EventDate "2020.02.29"]
[WhiteTeam "KJCA Kings"]
[BlackTeam "Barnet Knights 1"]

1. d4 Nf6 2. c4 e6 3. Nc3 c5 4. d5 exd5 5. cxd5 d6 6. e4 g6 7. Bb5+ Bd7 8.
Bxd7+ Nbxd7 9. Bg5 Bg7 10. Nf3 O-O 11. O-O b5 12. Qc2 Qb6 13. Rfe1 Rfe8 14. Nd2
Ng4 15. h3 Nge5 16. Be3 b4 17. Ne2 Qb5 18. Nf4 Nb6 19. Rab1 Rac8 20. b3 c4 21.
Bxb6 cxb3 22. Qxb3 Qxb6 23. Ne2 a5 24. Rec1 Bh6 25. Rxc8 Rxc8 26. Nf3 Nxf3+ 27.
Qxf3 Rc2 28. a3 Bg7 29. Qd3 Ra2 30. axb4 axb4 31. Qc4 Rd2 32. g3 Bd4 33. Nxd4
Rxd4 34. Qc2 Qc5 35. Qe2 Rc4 36. Kg2 Qd4 37. f3 Qc5 38. Qd3 Rc2+ 0-1

[Event "4NCL Division 2b"]
[Site "Daventry, ENG"]
[Date "2020.02.29"]
[Round "1.65"]
[White "Smith, Andrew Philip"]
[Black "Young, Daniel J"]
[Result "1-0"]
[WhiteElo "2260"]
[BlackElo "1936"]
[PlyCount "43"]
[EventDate "2020.02.29"]
[WhiteTeam "Barnet Knights 1"]
[BlackTeam "KJCA Kings"]

1. e4 c5 2. Nf3 d6 3. d4 cxd4 4. Nxd4 Nf6 5. Nc3 a6 6. Bg5 e6 7. Qf3 Nbd7 8.
Be2 Qc7 9. O-O-O b5 10. e5 Bb7 11. exd6 Bxd6 12. Qe3 Rc8 13. Bxb5 O-O 14. Nxe6
fxe6 15. Qxe6+ Kh8 16. Bxd7 Ba3 17. Bxc8 Qxc3 18. Qb3 Qxc8 19. Qxa3 Nd5 20. f3
Qf5 21. Be3 Rc8 22. Rd2 1-0

[Event "4NCL Division 2b"]
[Site "Daventry, ENG"]
[Date "2020.02.29"]
[Round "1.66"]
[White "Metcalfe, Charlie P"]
[Black "Pollack, Oscar"]
[Result "1/2-1/2"]
[WhiteElo "1776"]
[BlackElo "2207"]
[PlyCount "82"]
[EventDate "2020.02.29"]
[WhiteTeam "KJCA Kings"]
[BlackTeam "Barnet Knights 1"]

1. d4 Nf6 2. c4 e6 3. Nf3 Bb4+ 4. Bd2 Qe7 5. g3 O-O 6. Nc3 b6 7. Bg2 Bb7 8. O-O
d6 9. Qc2 Nbd7 10. Rad1 Bxc3 11. Bxc3 Ne4 12. Nd2 Nxc3 13. Qxc3 Bxg2 14. Kxg2
e5 15. dxe5 dxe5 16. Qf3 Nc5 17. Ne4 Ne6 18. Nc3 Nd4 19. Nd5 Qc5 20. Qe4 c6 21.
Qxe5 Ne6 22. b4 Qxc4 23. Ne7+ Kh8 24. Rc1 Qxb4 25. Nxc6 Qa4 26. Qd5 Rac8 27.
Rfd1 h6 28. Ne5 Rxc1 29. Rxc1 Qe8 30. Rc6 Nc5 31. Rc7 Ne6 32. Rxa7 Kh7 33. Qe4+
f5 34. Qb7 Qb5 35. Nd3 Kh8 36. a4 Qc4 37. Ne5 Qxe2 38. Ng6+ Kg8 39. Nxf8 Nf4+
40. gxf4 Qg4+ 41. Kh1 Qd1+ 1/2-1/2

[Event "4NCL Division 2b"]
[Site "Daventry, ENG"]
[Date "2020.02.29"]
[Round "1.67"]
[White "Willmoth, Robert F"]
[Black "Verma, Shlok"]
[Result "1-0"]
[WhiteElo "2207"]
[BlackElo "1728"]
[PlyCount "71"]
[EventDate "2020.02.29"]
[WhiteTeam "Barnet Knights 1"]
[BlackTeam "KJCA Kings"]

1. d4 d5 2. Nf3 Nf6 3. c4 dxc4 4. e3 e6 5. Bxc4 a6 6. O-O b5 7. Bd3 Bb7 8. a4
b4 9. Nbd2 Nbd7 10. e4 c5 11. e5 Nd5 12. Ne4 cxd4 13. Bg5 Qb6 14. a5 Qa7 15.
Re1 Rc8 16. Qe2 Nc5 17. Nfd2 h6 18. Nxc5 Bxc5 19. Qh5 Rg8 20. Bxh6 Rh8 21. Qg4
gxh6 22. Ne4 Kd7 23. Re2 Rcg8 24. Qf3 Ke7 25. Rc1 Rc8 26. Rec2 b3 27. Rxc5 Rxc5
28. Rxc5 Rf8 29. Rc4 f5 30. exf6+ Nxf6 31. Rc7+ Kd8 32. Qg3 Ne8 33. Rh7 Qa8 34.
Nd6 Bd5 35. Nxe8 Kxe8 36. Bg6+ 1-0

[Event "4NCL Division 2b"]
[Site "Daventry, ENG"]
[Date "2020.02.29"]
[Round "1.68"]
[White "Anilkumar, Anantha P P"]
[Black "Ethelontis, Alexandros N"]
[Result "0-1"]
[WhiteElo "1274"]
[BlackElo "2155"]
[PlyCount "24"]
[EventDate "2020.02.29"]
[WhiteTeam "KJCA Kings"]
[BlackTeam "Barnet Knights 1"]

1. c4 Nf6 2. g3 e5 3. Bg2 h6 4. Nf3 e4 5. Nd4 d5 6. cxd5 Qxd5 7. Nc2 Qh5 8. Nc3
Bh3 9. Bxe4 Nxe4 10. Nxe4 Bg2 11. Nf6+ gxf6 12. Rg1 Qxh2 0-1

[Event "4NCL Division 2b"]
[Site "Daventry, ENG"]
[Date "2020.02.29"]
[Round "1.71"]
[White "Stoyanov, Viktor"]
[Black "Birtwistle, Nigel"]
[Result "1-0"]
[WhiteElo "2228"]
[BlackElo "2114"]
[PlyCount "80"]
[EventDate "2020.02.29"]
[WhiteTeam "Guildford 3"]
[BlackTeam "Grantham Sharks 2"]

1. d4 Nf6 2. c4 c5 3. d5 b5 4. cxb5 a6 5. b6 Qxb6 6. Nc3 g6 7. e4 d6 8. Nf3 Bg7
9. a4 O-O 10. a5 Qb4 11. Ra4 Qb7 12. Be2 Bd7 13. Ra3 Bb5 14. O-O Nbd7 15. Nd2
Rfb8 16. Re1 Ne8 17. Nc4 Qc7 18. Qc2 Bxc4 19. Bxc4 Rb4 20. Bf1 Ne5 21. Nd1 Rab8
22. Bd2 Nd7 23. Bc3 Qb7 24. Bxg7 Kxg7 25. Rh3 Rd4 26. Qe2 Nc7 27. Qe3 Nf8 28.
Qg5 f6 29. Qh4 Qb4 30. Nc3 Qxa5 31. f4 Rxb2 32. e5 dxe5 33. Qh6+ Kf7 34. fxe5
Nxd5 35. exf6 exf6 36. Qc1 Rb7 37. Nxd5 Qd2 38. Qxd2 Rxd2 39. Nc3 g5 40. Ne4
Re7 1-0

[Event "4NCL Division 2b"]
[Site "Daventry, ENG"]
[Date "2020.02.29"]
[Round "1.72"]
[White "Purton, Ben J"]
[Black "Osborne, Marcus E"]
[Result "1/2-1/2"]
[WhiteElo "2152"]
[BlackElo "2114"]
[PlyCount "37"]
[EventDate "2020.02.29"]
[WhiteTeam "Grantham Sharks 2"]
[BlackTeam "Guildford 3"]

1. e4 e6 2. d4 d5 3. Nd2 c5 4. exd5 Qxd5 5. Ngf3 cxd4 6. Bc4 Qd8 7. O-O Nc6 8.
Nb3 a6 9. a4 Qc7 10. Nbxd4 Nxd4 11. Qxd4 Nf6 12. Bf4 Qc5 13. Rfe1 b6 14. Be3
Qxd4 15. Bxd4 Rb8 16. Be5 Ra8 17. Bc7 Bc5 18. Rad1 Bb7 19. Bd6 1/2-1/2

[Event "4NCL Division 2b"]
[Site "Daventry, ENG"]
[Date "2020.02.29"]
[Round "1.73"]
[White "Price, Gwilym"]
[Black "Modi, Kishan Jagdish"]
[Result "0-1"]
[WhiteElo "2111"]
[BlackElo "2117"]
[PlyCount "80"]
[EventDate "2020.02.29"]
[WhiteTeam "Guildford 3"]
[BlackTeam "Grantham Sharks 2"]

1. e4 c5 2. Nf3 d6 3. d4 cxd4 4. Nxd4 Nf6 5. Nc3 g6 6. Be3 Bg7 7. f3 O-O 8. Qd2
Nc6 9. O-O-O d5 10. Qe1 e5 11. Nxc6 bxc6 12. exd5 Nxd5 13. Bc4 Be6 14. Kb1 Rb8
15. Ne4 Qc7 16. Bc5 Rfd8 17. Bb3 h6 18. g4 Rb7 19. h4 f5 20. gxf5 gxf5 21. Nd6
Rxd6 22. Bxd6 Qxd6 23. c4 e4 24. cxd5 Qe5 25. Qc3 Qxc3 26. bxc3 cxd5 27. fxe4
dxe4 28. Kc2 Kf7 29. Rhf1 Bxb3+ 30. axb3 Ke6 31. Ra1 Be5 32. Ra6+ Rb6 33. Rxa7
f4 34. Rfa1 f3 35. R7a6 Rxa6 36. Rxa6+ Kf5 37. Kd2 Bf4+ 38. Ke1 e3 39. Ra2 Bg3+
40. Kf1 Ke4 0-1

[Event "4NCL Division 2b"]
[Site "Daventry, ENG"]
[Date "2020.02.29"]
[Round "1.74"]
[White "Modi, Shyam Jagdish"]
[Black "Orlovska, Madara"]
[Result "1-0"]
[WhiteElo "2073"]
[BlackElo "2072"]
[PlyCount "111"]
[EventDate "2020.02.29"]
[WhiteTeam "Grantham Sharks 2"]
[BlackTeam "Guildford 3"]

1. d4 f5 2. g3 Nf6 3. Bg2 g6 4. Nf3 Bg7 5. O-O O-O 6. b3 d5 7. Bb2 Ne4 8. e3 g5
9. Nbd2 h6 10. Ne5 Qe8 11. f3 Nf6 12. Nd3 c6 13. c4 Nh5 14. Rc1 Na6 15. e4 dxe4
16. fxe4 f4 17. g4 Nf6 18. h3 Qg6 19. Qc2 h5 20. e5 Nd7 21. Be4 Qh6 22. Kg2
hxg4 23. hxg4 Qh4 24. Nf3 Qxg4+ 25. Kf2 Qg3+ 26. Ke2 g4 27. Nf2 gxf3+ 28. Ke1
Nb6 29. d5 cxd5 30. cxd5 e6 31. d6 Bd7 32. Bxb7 Nb4 33. Qe4 Rab8 34. a3 N4d5
35. Ba6 Ne3 36. Rh1 Nf5 37. a4 Nd5 38. Bc4 Nde3 39. Bd4 a5 40. Ba7 Rbc8 41. Qb7
Nxc4 42. Qxd7 Qg6 43. bxc4 Ng3 44. Rh4 Ne2 45. Rg4 Qf7 46. Qxf7+ Rxf7 47. Rd1
Rxa7 48. Ne4 Kf8 49. Ng5 Bxe5 50. d7 Rxd7 51. Rxd7 Rxc4 52. Nxe6+ Ke8 53. Rb7
f2+ 54. Kxf2 Bd4+ 55. Nxd4 Kf8 56. Ne6+ 1-0

[Event "4NCL Division 2b"]
[Site "Daventry, ENG"]
[Date "2020.02.29"]
[Round "1.75"]
[White "Punnett, Alan K"]
[Black "Murphy, Hugh W"]
[Result "1-0"]
[WhiteElo "2026"]
[BlackElo "2121"]
[PlyCount "103"]
[EventDate "2020.02.29"]
[WhiteTeam "Guildford 3"]
[BlackTeam "Grantham Sharks 2"]

1. e4 c6 2. Nc3 d5 3. Nf3 a6 4. h3 e6 5. d4 Bb4 6. e5 c5 7. a3 Bxc3+ 8. bxc3
Qa5 9. Qd2 Qa4 10. Be2 Ne7 11. O-O Nbc6 12. Rd1 O-O 13. Rb1 b5 14. Bd3 Ng6 15.
h4 cxd4 16. cxd4 Qa5 17. Qg5 Qd8 18. Qg3 f5 19. h5 Nh8 20. Bg5 Qe8 21. Bf6 Ra7
22. a4 b4 23. c3 Qxh5 24. cxb4 f4 25. Qh4 Qxh4 26. Bxh4 h6 27. b5 Na5 28. b6
Rd7 29. Rdc1 g5 30. Nxg5 hxg5 31. Bxg5 Bb7 32. Kf1 Nc6 33. Rxc6 Bxc6 34. Bxa6
Bxa4 35. Rc1 Nf7 36. Bf6 Nd8 37. Rc7 Kf7 38. Ke2 Ke8 39. Rc8 Rxf6 40. exf6 Bc6
41. Rc7 e5 42. dxe5 Ne6 43. b7 Bxb7 44. Rxb7 Nc5 45. Rb6 Ra7 46. Bb5+ Kf7 47.
Kf3 Ra2 48. Rd6 Rd2 49. Bc6 d4 50. Bd5+ Kg6 51. f7+ Kg7 52. Rd8 1-0

[Event "4NCL Division 2b"]
[Site "Daventry, ENG"]
[Date "2020.02.29"]
[Round "1.76"]
[White "Cumbers, Paul"]
[Black "Shepley, Julien M"]
[Result "1-0"]
[WhiteElo "2102"]
[BlackElo "1911"]
[PlyCount "53"]
[EventDate "2020.02.29"]
[WhiteTeam "Grantham Sharks 2"]
[BlackTeam "Guildford 3"]

1. e4 d5 2. exd5 Qxd5 3. Nc3 Qd6 4. d4 Nf6 5. Nf3 c6 6. Ne5 Nbd7 7. f4 Nb6 8.
g4 g6 9. Bg2 Bg7 10. O-O Be6 11. Kh1 O-O 12. f5 Bc4 13. Nxc4 Nxc4 14. h3 Rad8
15. b3 Qb4 16. Ne2 Nd6 17. c3 Qa5 18. Qc2 Rfe8 19. Bd2 Qa6 20. Nf4 Nb5 21. a4
Nc7 22. Nd3 b5 23. Nb4 Qc8 24. Nxc6 bxa4 25. Nxd8 axb3 26. Qxb3 Rxd8 27. Rxa7
1-0

[Event "4NCL Division 2b"]
[Site "Daventry, ENG"]
[Date "2020.02.29"]
[Round "1.77"]
[White "Stimpson, Philip M"]
[Black "Varnam, Liam D"]
[Result "1/2-1/2"]
[WhiteElo "1953"]
[BlackElo "2085"]
[PlyCount "55"]
[EventDate "2020.02.29"]
[WhiteTeam "Guildford 3"]
[BlackTeam "Grantham Sharks 2"]

1. d4 d5 2. Nc3 Nf6 3. Bf4 c6 4. e3 Qb6 5. Na4 Qa5+ 6. c3 g6 7. Bd3 Bg7 8. h4
Nbd7 9. b4 Qd8 10. Nc5 Nxc5 11. bxc5 b6 12. cxb6 axb6 13. Be5 Ba6 14. Bxa6 Rxa6
15. Qb3 Qd7 16. Nf3 O-O 17. O-O Rfa8 18. c4 dxc4 19. Qxc4 b5 20. Qc2 Qd5 21.
Rfc1 Rxa2 22. Rxa2 Rxa2 23. Qxc6 Qxc6 24. Rxc6 Ng4 25. Rc8+ Bf8 26. d5 f6 27.
Bd4 Nxf2 28. Rb8 1/2-1/2

[Event "4NCL Division 2b"]
[Site "Daventry, ENG"]
[Date "2020.02.29"]
[Round "1.78"]
[White "Milson, Samuel A"]
[Black "Mellor, Jessica"]
[Result "1-0"]
[WhiteElo "2112"]
[BlackElo "1608"]
[PlyCount "71"]
[EventDate "2020.02.29"]
[WhiteTeam "Grantham Sharks 2"]
[BlackTeam "Guildford 3"]

1. e4 e5 2. Nf3 Nc6 3. Bb5 a6 4. Ba4 Nf6 5. O-O Be7 6. Re1 b5 7. Bb3 d6 8. c3
O-O 9. h3 Na5 10. Bc2 c5 11. d4 Qc7 12. d5 Bd7 13. Nbd2 Nb7 14. Nf1 Rfc8 15.
Ng3 Ne8 16. Nh2 g6 17. f4 Bh4 18. Qf3 Ng7 19. Rf1 Bxg3 20. Qxg3 Nh5 21. Qf3
exf4 22. Bxf4 Nxf4 23. Qxf4 Rf8 24. Nf3 f5 25. Qh4 fxe4 26. Ng5 h5 27. Bxe4 Kg7
28. Qg3 Rae8 29. Ne6+ Bxe6 30. Qxg6+ Kh8 31. dxe6 Nd8 32. Qh6+ Kg8 33. e7 Qxe7
34. Bd5+ Ne6 35. Bxe6+ Qxe6 36. Rxf8+ 1-0

[Event "4NCL Division 2b"]
[Site "Daventry, ENG"]
[Date "2020.02.29"]
[Round "1.81"]
[White "Kwiatkowski, Feliks J"]
[Black "Polaczek, Richard"]
[Result "1/2-1/2"]
[WhiteElo "2216"]
[BlackElo "2366"]
[PlyCount "71"]
[EventDate "2020.02.29"]
[WhiteTeam "Kings Head"]
[BlackTeam "Manchester Manticores 1"]

1. e4 Nf6 2. e5 Nd5 3. d4 d6 4. Nf3 g6 5. Bc4 Nb6 6. Bb3 Bg7 7. Qe2 O-O 8. h3
a5 9. a4 dxe5 10. dxe5 Na6 11. O-O Nc5 12. Rd1 Qe8 13. Nc3 Be6 14. Bxe6 Nxe6
15. b3 Qc6 16. Bb2 f5 17. Qb5 g5 18. Nd5 Nxd5 19. Qxd5 Qxd5 20. Rxd5 Rfd8 21.
Rad1 Rxd5 22. Rxd5 Kf7 23. Bc3 b6 24. g3 h6 25. Nd2 Rd8 26. Rxd8 Nxd8 27. Nc4
Ke6 28. f4 gxf4 29. gxf4 Kd5 30. Kf2 Ke4 31. Kg3 Ne6 32. Nd2+ Ke3 33. Nf3 Ke4
34. Nd2+ Ke3 35. Nf3 Ke4 36. Nd2+ 1/2-1/2

[Event "4NCL Division 2b"]
[Site "Daventry, ENG"]
[Date "2020.02.29"]
[Round "1.82"]
[White "Jayawarna, Nugith"]
[Black "Tukpetov, Evgeny"]
[Result "1-0"]
[WhiteElo "2192"]
[BlackElo "2183"]
[PlyCount "95"]
[EventDate "2020.02.29"]
[WhiteTeam "Manchester Manticores 1"]
[BlackTeam "Kings Head"]

1. c4 g6 2. g3 Bg7 3. Bg2 Nc6 4. Nc3 e5 5. e4 d6 6. Nge2 Bg4 7. f3 Be6 8. d3
Qd7 9. Nd5 Nce7 10. Be3 c6 11. Ndc3 Bh3 12. O-O Bxg2 13. Kxg2 Nf6 14. d4 O-O
15. dxe5 dxe5 16. Qxd7 Nxd7 17. Rfd1 Rfd8 18. b3 Kf8 19. h4 Ke8 20. h5 b6 21.
hxg6 hxg6 22. a4 Nc5 23. Nc1 Rxd1 24. Nxd1 Rd8 25. Nb2 Ne6 26. a5 Nd4 27. Bxd4
Rxd4 28. axb6 axb6 29. Ncd3 Nc8 30. Kf1 f5 31. exf5 gxf5 32. Nxe5 Rd2 33. Na4
Bxe5 34. Re1 Rd3 35. Rxe5+ Kd7 36. Rxf5 Rxb3 37. c5 Rb1+ 38. Ke2 bxc5 39. Nxc5+
Ke7 40. Ke3 Rb5 41. Kf4 Nb6 42. Re5+ Kf7 43. Ne4 Nd5+ 44. Kg5 Kg7 45. f4 Ne3
46. Rc5 Nf1 47. Kh4 Rb3 48. Rxc6 1-0

[Event "4NCL Division 2b"]
[Site "Daventry, ENG"]
[Date "2020.02.29"]
[Round "1.83"]
[White "Lewis, Alex"]
[Black "Hamer, Martyn"]
[Result "1-0"]
[WhiteElo "2136"]
[BlackElo "2125"]
[PlyCount "87"]
[EventDate "2020.02.29"]
[WhiteTeam "Kings Head"]
[BlackTeam "Manchester Manticores 1"]

1. e4 e6 2. d3 d5 3. Nd2 Nf6 4. Ngf3 c5 5. g3 Nc6 6. Bg2 Be7 7. O-O b5 8. Re1
a5 9. e5 Nd7 10. h4 Qc7 11. Qe2 h6 12. Nf1 Ba6 13. h5 O-O-O 14. Bf4 Kb7 15. a4
b4 16. c4 bxc3 17. bxc3 c4 18. d4 Ka7 19. g4 Rb8 20. Reb1 Rxb1 21. Rxb1 Rb8 22.
Qc2 Rxb1 23. Qxb1 Qb8 24. Qh7 Bf8 25. Qg8 Qe8 26. g5 hxg5 27. Nxg5 Nd8 28. Nh7
Qe7 29. Bg5 f6 30. Bh4 Bb7 31. exf6 gxf6 32. Nxf8 Nxf8 33. h6 Bc6 34. Qg7 Nf7
35. Bxf6 Qe8 36. h7 Nd7 37. Bf3 Nxf6 38. Qxf6 Nh8 39. Bh5 Qc8 40. Bf7 Qf8 41.
Qxe6 Kb7 42. Bg8 Qg7+ 43. Ng3 Ng6 44. Nf5 1-0

[Event "4NCL Division 2b"]
[Site "Daventry, ENG"]
[Date "2020.02.29"]
[Round "1.84"]
[White "Smith, Matt P"]
[Black "Mackenzie, Colin"]
[Result "1-0"]
[WhiteElo "2095"]
[BlackElo "2046"]
[PlyCount "71"]
[EventDate "2020.02.29"]
[WhiteTeam "Manchester Manticores 1"]
[BlackTeam "Kings Head"]

1. d4 e6 2. c4 Nf6 3. g3 Bb4+ 4. Bd2 Be7 5. Bg2 d5 6. Nf3 O-O 7. O-O c6 8. b3
b6 9. Qc2 Ba6 10. Rd1 Ne4 11. Be1 Nd7 12. Nbd2 Ndf6 13. Ne5 Bb7 14. Nxe4 Nxe4
15. Bxe4 dxe4 16. Qxe4 Qc7 17. c5 Rfd8 18. Rac1 bxc5 19. dxc5 Rd5 20. Rxd5 exd5
21. Qf5 Bf6 22. Ng4 Bb2 23. Rc2 Bc8 24. Qf3 Ba1 25. Bc3 Bxc3 26. Rxc3 h5 27.
Nf6+ gxf6 28. Qxf6 Bg4 29. h3 d4 30. Rd3 Bxe2 31. Qg5+ Kh7 32. Qf5+ Kg8 33.
Rxd4 Rf8 34. Rd6 Qe7 35. Rf6 Kh8 36. Qg5 1-0

[Event "4NCL Division 2b"]
[Site "Daventry, ENG"]
[Date "2020.02.29"]
[Round "1.85"]
[White "Gilfillan, Andrew"]
[Black "Mazek, Marek"]
[Result "1-0"]
[WhiteElo "2005"]
[BlackElo "2050"]
[PlyCount "110"]
[EventDate "2020.02.29"]
[WhiteTeam "Kings Head"]
[BlackTeam "Manchester Manticores 1"]

1. e4 c5 2. Nf3 d6 3. d4 cxd4 4. Nxd4 a6 5. Nc3 Nf6 6. Be3 e5 7. Nb3 Be7 8. f3
Be6 9. Qd2 h5 10. O-O-O Nbd7 11. Kb1 Rc8 12. Rg1 b5 13. g3 Nb6 14. f4 b4 15.
Bxb6 Qxb6 16. Nd5 Bxd5 17. exd5 e4 18. Qd4 Qc7 19. Bxa6 Rb8 20. h3 O-O 21. g4
hxg4 22. hxg4 g5 23. fxg5 Nd7 24. Rh1 Ne5 25. Rh5 Qd7 26. Qxe4 f5 27. gxf6 Bxf6
28. g5 Bg7 29. Qh7+ Kf7 30. Rhh1 Ke8 31. Qh5+ Kd8 32. Nd4 Qa4 33. Qe2 Ra8 34.
Qb5 Qxa6 35. Qxa6 Rxa6 36. Ne6+ Ke7 37. Rh7 Rf7 38. Rxg7 Rxg7 39. Nxg7 Kf7 40.
Ne6 Ra5 41. Rf1+ Kg8 42. Rd1 Kf7 43. b3 Kg6 44. Rf1 Ng4 45. Rf4 Ne5 46. Rxb4
Nf3 47. c4 Kf5 48. a4 Ra8 49. Rb6 Ke4 50. g6 Rh8 51. g7 Rh1+ 52. Kb2 Ne5 53.
g8=Q Nd3+ 54. Kc3 Nf2 55. Qg2+ Ke3 1-0

[Event "4NCL Division 2b"]
[Site "Daventry, ENG"]
[Date "2020.02.29"]
[Round "1.86"]
[White "Webster, Richard J"]
[Black "Clarke, Peter C"]
[Result "1-0"]
[WhiteElo "2027"]
[BlackElo "1997"]
[PlyCount "137"]
[EventDate "2020.02.29"]
[WhiteTeam "Manchester Manticores 1"]
[BlackTeam "Kings Head"]

1. d4 d6 2. Nf3 Nf6 3. c4 Nbd7 4. Nc3 e5 5. e3 Be7 6. Be2 c6 7. b3 O-O 8. O-O
Re8 9. Qc2 Bf8 10. e4 a6 11. a4 a5 12. Bg5 h6 13. Bd2 exd4 14. Nxd4 Nc5 15. f3
d5 16. cxd5 cxd5 17. e5 Rxe5 18. Bf4 Rxe2 19. Ncxe2 Qb6 20. Kh1 Ne6 21. Nxe6
Bxe6 22. Rfd1 Rc8 23. Qd3 Qb4 24. Rac1 Bc5 25. Be3 Bxe3 26. Rxc8+ Bxc8 27. Qxe3
Bd7 28. Nd4 b5 29. axb5 Bxb5 30. Nc2 Qd6 31. Qd4 Qc7 32. Ne3 Bc6 33. Nf5 Kh7
34. Qc5 Qd7 35. Nd4 Bb7 36. Qxa5 Qc8 37. Qd2 Kg8 38. Rc1 Qd7 39. Qf4 Ne8 40.
Qe5 f6 41. Qe6+ Qxe6 42. Nxe6 Ba6 43. Rc6 Bd3 44. Nf4 Bf5 45. Nxd5 Kf7 46. b4
Be6 47. Nf4 Bd7 48. Rb6 Ke7 49. Nd5+ Kf7 50. Kg1 Ba4 51. Kf2 Bb3 52. Nc3 Ke7
53. Ne4 Nc7 54. Rb7 Kd8 55. Rb8+ Ke7 56. Nc5 Bc4 57. Ke3 h5 58. Kd4 Bf1 59. g3
Bg2 60. f4 Bc6 61. Rc8 Nb5+ 62. Ke3 Be8 63. Rb8 Bc6 64. Nb3 Bd7 65. Nd4 Nc3 66.
b5 Nd1+ 67. Ke4 Nf2+ 68. Kd5 Ng4 69. Nc6+ 1-0

[Event "4NCL Division 2b"]
[Site "Daventry, ENG"]
[Date "2020.02.29"]
[Round "1.87"]
[White "Xu, Ming Wei"]
[Black "Lyth, John D"]
[Result "1-0"]
[WhiteElo "2000"]
[BlackElo "1997"]
[PlyCount "197"]
[EventDate "2020.02.29"]
[WhiteTeam "Kings Head"]
[BlackTeam "Manchester Manticores 1"]

1. e4 e5 2. Nf3 Nc6 3. Bc4 Be7 4. d4 d6 5. h3 Nf6 6. Nc3 O-O 7. O-O a6 8. a4
Bd7 9. Be3 exd4 10. Nxd4 Ne5 11. Bb3 c5 12. Nf3 b5 13. Nxe5 dxe5 14. axb5 axb5
15. Rxa8 Qxa8 16. Nd5 Nxd5 17. Bxd5 Bc6 18. Bxc6 Qxc6 19. Qg4 Rd8 20. Ra1 c4
21. Qf5 g6 22. Qf3 Rd7 23. Qg4 h5 24. Qf3 Kg7 25. g4 hxg4 26. hxg4 Bc5 27. Bxc5
Qxc5 28. Ra8 Qd4 29. g5 Qd1+ 30. Kg2 Qxf3+ 31. Kxf3 Rd2 32. Rb8 Rxc2 33. Rxb5
Rc1 34. Rxe5 Rb1 35. Rc5 Rxb2 36. Rxc4 Rb5 37. Kf4 Ra5 38. Rc7 Rb5 39. Rd7 Rc5
40. Rd5 Rc7 41. Kg3 Rc3+ 42. f3 Rc6 43. Rd7 Rc5 44. Kf4 Ra5 45. Kg4 Ra4 46. Re7
Kf8 47. Re5 Kg7 48. f4 Rb4 49. Kf3 Rb3+ 50. Ke2 Rb2+ 51. Kf3 Rb3+ 52. Kg4 Rb4
53. Re8 Ra4 54. e5 Re4 55. Re7 Kf8 56. Rb7 Kg7 57. Rb1 Re3 58. Rb8 Re1 59. Kf3
Rf1+ 60. Ke3 Re1+ 61. Kf2 Re4 62. Kf3 Ra4 63. Rd8 Ra1 64. Rd2 Ra4 65. Rd3 Rb4
66. Re3 Rb6 67. Re4 Rb3+ 68. Kg4 Rb6 69. Re3 Re6 70. Rd3 Re8 71. Rd6 Re7 72.
Kf3 Ra7 73. e6 fxe6 74. Rxe6 Kf7 75. Rf6+ Kg7 76. Rd6 Re7 77. Rd4 Kf7 78. Re4
Ra7 79. Ke3 Rd7 80. Re5 Ra7 81. Re4 Rd7 82. Rd4 Re7+ 83. Kd3 Rc7 84. Rd6 Ra7
85. Rf6+ Kg7 86. Kc4 Ra4+ 87. Kb5 Ra7 88. Kc6 Rf7 89. Rxf7+ Kxf7 90. Kc5 Ke6
91. Kd4 Kd6 92. Ke3 Ke6 93. Ke4 Ke7 94. Ke5 Kf7 95. Kd6 Kf8 96. Ke6 Kg7 97. Ke7
Kg8 98. Kf6 Kh7 99. Kf7 1-0

[Event "4NCL Division 2b"]
[Site "Daventry, ENG"]
[Date "2020.02.29"]
[Round "1.88"]
[White "Collins, Richard A"]
[Black "Thatte, Nishchal"]
[Result "0-1"]
[WhiteElo "1960"]
[BlackElo "1879"]
[PlyCount "68"]
[EventDate "2020.02.29"]
[WhiteTeam "Manchester Manticores 1"]
[BlackTeam "Kings Head"]

1. e4 e6 2. d4 d5 3. exd5 exd5 4. Bd3 Nc6 5. Nf3 Bg4 6. Be3 Bd6 7. h3 Bh5 8. c3
Nge7 9. Nbd2 Qd7 10. Qc2 Bg6 11. Bxg6 Nxg6 12. g3 O-O-O 13. O-O-O Rde8 14. h4
h5 15. Rde1 Nge7 16. Re2 Nf5 17. Rhe1 Re7 18. Nf1 Rhe8 19. Bg5 f6 20. Rxe7 Rxe7
21. Rxe7 Ncxe7 22. Bd2 Qe6 23. Qd3 c5 24. Kd1 Qe4 25. Kc2 cxd4 26. Qxe4 dxe4
27. Nxd4 Nxd4+ 28. cxd4 Kd7 29. Ne3 Ke6 30. d5+ Nxd5 31. Ng2 Bc5 32. Be3 Nxe3+
33. fxe3 Kf5 34. Kd2 Bd6 0-1

[Event "4NCL Division 2b"]
[Site "Daventry, ENG"]
[Date "2020.03.01"]
[Round "2.51"]
[White "Bremner, Adam"]
[Black "Zakarian, David"]
[Result "1/2-1/2"]
[WhiteElo "2178"]
[BlackElo "2335"]
[PlyCount "47"]
[EventDate "2020.03.01"]
[WhiteTeam "Grantham Sharks 2"]
[BlackTeam "Oxford 1"]

1. c4 Nf6 2. Nc3 e6 3. e4 e5 4. g3 Bc5 5. Bg2 d6 6. h3 Nc6 7. Nge2 O-O 8. d3 a6
9. O-O Nd4 10. Kh1 Ne8 11. Nxd4 Bxd4 12. Ne2 c5 13. Rb1 b5 14. Nxd4 cxd4 15. f4
bxc4 16. dxc4 Be6 17. b3 Rb8 18. Qc2 f6 19. f5 Bd7 20. Bd2 Bc6 21. Rfc1 Rf7 22.
Bf1 Bb7 23. Bd3 Rc8 24. Qd1 1/2-1/2

[Event "4NCL Division 2b"]
[Site "Daventry, ENG"]
[Date "2020.03.01"]
[Round "2.52"]
[White "Gerlagh, Joris"]
[Black "Purton, Ben J"]
[Result "1/2-1/2"]
[WhiteElo "2265"]
[BlackElo "2152"]
[PlyCount "54"]
[EventDate "2020.03.01"]
[WhiteTeam "Oxford 1"]
[BlackTeam "Grantham Sharks 2"]

1. d4 Nf6 2. c4 g6 3. g3 Bg7 4. Bg2 O-O 5. Nc3 c5 6. Nf3 cxd4 7. Nxd4 Nc6 8.
O-O Ng4 9. e3 Nge5 10. b3 d6 11. Bb2 Bg4 12. Nxc6 bxc6 13. f3 Bd7 14. Qe2 f5
15. h3 Qa5 16. Rac1 Nf7 17. Rfd1 e5 18. a3 Qc7 19. b4 f4 20. gxf4 exf4 21. Ne4
Ne5 22. Rxd6 fxe3 23. Rcd1 Bf5 24. Nc5 Rae8 25. f4 Nf7 26. Bxg7 Kxg7 27. R6d4
Re7 1/2-1/2